Responsabilidad del auditor sobre otra información que acompaña los estados contables auditados (Registro nro. 27469)

Detalles MARC
000 -LEADER
fixed length control field 00436 a2200109 4500
001 - CONTROL NUMBER
control field ART_30266
005 - DATE AND TIME OF LATEST TRANSACTION
control field 20260410161918.0
008 - FIXED-LENGTH DATA ELEMENTS--GENERAL INFORMATION
fixed length control field 260409a
100 1# - MAIN ENTRY--PERSONAL NAME
Personal name Canetti, Marcelo
245 10 - TITLE STATEMENT
Title Responsabilidad del auditor sobre otra información que acompaña los estados contables auditados
773 0# - HOST ITEM ENTRY
Title Documentos de trabajo de contabilidad, auditoría y responsabilidad social
Related parts - Año 4, Nº 8 (dic. 2014)
Record control number REV14385

No hay ítems disponibles.